| 000 | 00486cam a22002051 4500 | ||
|---|---|---|---|
| 001 | sa 67000065 | ||
| 003 | DLC | ||
| 005 | 20260227112311.0 | ||
| 008 | 890714s1964 ii 000 0 hino | ||
| 010 | _asa 67000065 | ||
| 035 | _a(OCoLC)20011713 | ||
| 040 |
_aDLC _cWaU _dDLC |
||
| 042 | _apremarc | ||
| 050 | 0 | 0 |
_aPK2098.B22 _bB8 1964 |
| 100 | 1 |
_aBaccana, _d1907-2003. |
|
| 245 | 1 | 0 | _aBuddha aura nācaghara. |
| 260 | _c[1964] | ||
| 300 |
_a176 p. _c19 cm. |
||
| 500 | _aIn Hindi. | ||
| 999 |
_c71732 _d71732 |
||